[Event "AUT-chT2W 0607"]
[Site "Austria"]
[Date "2006.10.21"]
[Round "1"]
[White "Schoeppl, Engelbert"]
[Black "Haemmerle, Gernot"]
[Result "1-0"]
[WhiteElo "2219"]
[BlackElo "1935"]
[PlyCount "51"]
[EventDate "2006.10.21"]
[EventType "team"]
[EventRounds "11"]
[EventCountry "AUT"]
[SourceTitle "EXT 2007"]
[Source "ChessBase"]
[SourceDate "2006.11.23"]
[SourceVersion "1"]
[SourceVersionDate "2006.11.23"]
[SourceQuality "1"]

1. f4 e5 2. fxe5 d6 3. exd6 Bxd6 4. Nf3 g5 5. d4 g4 6. Ne5 Qf6 7. Nc3 Nc6 8. Ne4 Qe7 9. Nxd6+ cxd6 10. Nxc6 bxc6 11. Qd3 d5 12. g3 h5 13. Bg2 h4 14. 0-0 f5 15. c4 Be6 16. cxd5 cxd5 17. gxh4 Qxh4 18. Bf4 Ne7 19. Rac1 0-0 20. Qe3 Qf6 21. Bg5 Qf7 22. Rc7 Rfe8 23. Bxe7 Rxe7 24. Rxe7 Qxe7 25. Rxf5 Qd7 26. Bxd5 1-0

[Event "Donau op 13th"]
[Site "Aschach"]
[Date "2004.12.31"]
[Round "7"]
[White "Schoeppl, Engelbert"]
[Black "Birklbauer, Toni"]
[Result "1-0"]
[WhiteElo "2247"]
[BlackElo "2053"]
[PlyCount "60"]
[EventDate "2004.12.26"]
[EventType "swiss"]
[EventRounds "7"]
[EventCountry "AUT"]
[SourceTitle "CBM 104 Extra"]
[Source "ChessBase"]
[SourceDate "2005.03.01"]
[SourceVersion "1"]
[SourceVersionDate "2005.03.01"]
[SourceQuality "1"]

1. c4 c5 2. Nc3 Nc6 3. Nf3 a6 4. g3 e5 5. Bg2 g6 6. 0-0 Bg7 7. d3 Nge7 8. Rb1 0-0 9. a3 f5 10. Be3 d6 11. Qd2 Nd4 12. Bg5 Ne6 13. Bh6 f4 14. Bxg7 Kxg7 15. b4 cxb4 16. Ne4 bxa3 17. Qb4 Nf5 18. Qxa3 g5 19. g4 Nfd4 20. Rb2 Nxf3+ 21. Bxf3 Nd4 22. Nxd6 Nxf3+ 23. exf3 Qc7 24. Re1 h5 25. Rxe5 Kg6 26. d4 hxg4 27. fxg4 Bxg4 28. Rxb7 Qd8 29. Qd3+ Bf5 30. Nxf5 Rxf5 1-0

[Event "AUT-chT 0304"]
[Site "Austria"]
[Date "2004.01.23"]
[Round "5"]
[White "Roth, Peter"]
[Black "Schoeppl, Engelbert"]
[Result "1-0"]
[WhiteElo "2301"]
[BlackElo "2277"]
[PlyCount "43"]
[EventDate "2003.11.28"]
[EventType "team-tourn"]
[EventRounds "11"]
[EventCountry "AUT"]
[SourceTitle "CBM 097 Extra"]
[Source "ChessBase"]
[SourceDate "2004.01.13"]
[SourceVersion "1"]
[SourceVersionDate "2004.01.13"]
[SourceQuality "1"]
[WhiteTeam "Wiener Neustadt"]
[BlackTeam "Schwarzach"]
[WhiteTeamCountry "AUT"]
[BlackTeamCountry "AUT"]

1. e4 c5 2. Nf3 Nc6 3. Nc3 Nf6 4. Bb5 a6 5. Bxc6 dxc6 6. h3 g6 7. d3 Bg7 8. Be3 b6 9. Qd2 0-0 10. Bh6 a5 11. g4 a4 12. a3 Be6 13. Bxg7 Kxg7 14. Ng5 b5 15. f4 Qb8 16. Ne2 b4 17. 0-0 Rd8 18. Qe3 Qa7 19. f5 Bc8 20. fxg6 hxg6 21. e5 c4 22. d4 1-0

[Event "Schwarzach op-A 18th"]
[Site "Salzburg"]
[Date "2003.08.27"]
[Round "5.9"]
[White "Netzer, Jean"]
[Black "Schoeppl, Engelbert"]
[Result "1-0"]
[WhiteElo "2268"]
[BlackElo "2248"]
[PlyCount "123"]
[EventDate "2003.08.23"]
[EventType "swiss"]
[EventRounds "9"]
[EventCountry "AUT"]
[SourceTitle "EXT 2004"]
[Source "ChessBase"]
[SourceDate "2003.11.25"]
[SourceVersion "1"]
[SourceVersionDate "2003.11.25"]
[SourceQuality "1"]

1. e4 c5 2. Nf3 Nc6 3. d4 cxd4 4. Nxd4 Nf6 5. Nc3 e5 6. Ndb5 d6 7. Bg5 a6 8. Na3 b5 9. Bxf6 gxf6 10. Nd5 f5 11. Bd3 Be6 12. 0-0 Bxd5 13. exd5 Ne7 14. c3 Bg7 15. Qh5 e4 16. Bc2 Qd7 17. Rae1 0-0 18. Kh1 Rfe8 19. f3 Ng6 20. fxe4 f4 21. Qf5 Qc8 22. g3 Be5 23. Rf3 fxg3 24. hxg3 Ra7 25. Kg2 Rc7 26. Bd3 Bg7 27. Rh1 Re5 28. Qxc8+ Rxc8 29. Nc2 Rg5 30. Nb4 Ne5 31. Nxa6 Nxf3 32. Kxf3 Bxc3 33. bxc3 Rxc3 34. Kf4 f6 35. Nb4 h5 36. Rh3 Kf7 37. Ke3 Rc1 38. Be2 Kg6 39. Nd3 Rc3 40. Kd4 Rc4+ 41. Ke3 Rc3 42. Kd2 Ra3 43. Bxh5+ Kg7 44. g4 Rxa2+ 45. Ke3 Ra3 46. Rh1 Re5 47. Rb1 Kh6 48. Rxb5 f5 49. gxf5 Kxh5 50. Rb6 Re8 51. Rxd6 Rea8 52. Rb6 Kg4 53. Rg6+ Kh5 54. Rg1 Rb3 55. Kf4 Kh6 56. Ne5 Ra2 57. Nf7+ Kh7 58. f6 Rf2+ 59. Ke5 Rf5+ 60. Kxf5 Rf3+ 61. Kg5 Rxf6 62. Rh1+ 1-0

[Event "AUT-chT2W 0203"]
[Site "Austria"]
[Date "2002.11.29"]
[Round "4"]
[White "Schoeppl, Engelbert"]
[Black "Schiestl, Josef"]
[Result "1/2-1/2"]
[WhiteElo "2219"]
[BlackElo "2170"]
[PlyCount "42"]
[EventDate "2002.10.??"]
[EventType "team"]
[EventRounds "11"]
[EventCountry "AUT"]
[SourceTitle "EXT 2004"]
[Source "ChessBase"]
[SourceDate "2003.11.25"]
[SourceVersion "1"]
[SourceVersionDate "2003.11.25"]
[SourceQuality "1"]

1. d4 Nf6 2. c4 g6 3. Nc3 Bg7 4. Nf3 d6 5. g3 0-0 6. Bg2 Nc6 7. 0-0 a6 8. h3 Bd7 9. Be3 Rb8 10. a4 e6 11. a5 Ne7 12. Qd2 Nf5 13. Bg5 h6 14. Bxf6 Qxf6 15. Rad1 Qd8 16. e4 Ne7 17. d5 e5 18. b4 f5 19. c5 Kh7 20. cxd6 cxd6 21. Qe3 b6 1/2-1/2

[Event "AUT-chT2W 0203"]
[Site "Austria"]
[Date "2002.10.11"]
[Round "1"]
[White "Schoeppl, Engelbert"]
[Black "Sandholzer, Robert"]
[Result "1-0"]
[WhiteElo "2219"]
[BlackElo "2138"]
[PlyCount "57"]
[EventDate "2002.10.??"]
[EventType "team"]
[EventRounds "11"]
[EventCountry "AUT"]
[SourceTitle "EXT 2004"]
[Source "ChessBase"]
[SourceDate "2003.11.25"]
[SourceVersion "1"]
[SourceVersionDate "2003.11.25"]
[SourceQuality "1"]

1. d4 Nf6 2. c4 e6 3. Nc3 Bb4 4. Qc2 c5 5. e3 0-0 6. Nf3 d5 7. a3 Bxc3+ 8. Qxc3 cxd4 9. exd4 dxc4 10. Bxc4 b6 11. 0-0 Bb7 12. Re1 Nbd7 13. Ne5 Rc8 14. Qd3 Qc7 15. Bb3 Bd5 16. Ba4 Rfd8 17. Bg5 h6 18. Bxd7 hxg5 19. Bxc8 Rxc8 20. Qe3 g4 21. Rac1 Qb7 22. Qg3 Ne4 23. Qxg4 Rc7 24. Qd1 f6 25. Ng6 Rxc1 26. Qxc1 Ng5 27. Qc8+ Kf7 28. Qxb7+ Bxb7 29. Nf4 1-0

[Event "Oberwart op"]
[Site "Oberwart"]
[Date "2002.07.11"]
[Round "7"]
[White "Schoeppl, Engelbert"]
[Black "Kuba, Guenter"]
[Result "1-0"]
[WhiteElo "2219"]
[BlackElo "2346"]
[PlyCount "59"]
[EventDate "2002.07.05"]
[EventType "swiss"]
[EventRounds "9"]
[EventCountry "AUT"]
[SourceTitle "CBM 089 Extra"]
[Source "ChessBase"]
[SourceDate "2002.09.10"]
[SourceVersion "2"]
[SourceVersionDate "2002.09.10"]
[SourceQuality "1"]

1. d4 f5 2. Nf3 Nf6 3. c4 g6 4. g3 Bg7 5. Bg2 d6 6. 0-0 0-0 7. Nc3 Qe8 8. d5 a5 9. Re1 h6 10. e4 fxe4 11. Nxe4 Nxe4 12. Rxe4 c5 13. Qe2 Rf7 14. Bf4 Bf5 15. Bxd6 Bxe4 16. Qxe4 Nd7 17. Re1 Nf6 18. Qxg6 Ra6 19. Be5 Nd7 20. Qh5 Qf8 21. Bxg7 Qxg7 22. Bh3 Nf8 23. Ne5 Rff6 24. Qe8 Rab6 25. b3 Rf4 26. Nd7 Qg6 27. Rxe7 Qxe8 28. Rxe8 Rg6 29. Nxc5 b6 30. Ne6 1-0

[Event "AUT-chT2M 0102"]
[Site "Austria"]
[Date "2001.12.08"]
[Round "4.5"]
[White "Schoeppl, Engelbert"]
[Black "Gottsmann, Herbert"]
[Result "0-1"]
[WhiteElo "2231"]
[BlackElo "2157"]
[PlyCount "87"]
[EventDate "2001.11.02"]
[EventType "team"]
[EventRounds "11"]
[EventCountry "AUT"]
[SourceTitle "EXT 2003"]
[Source "ChessBase"]
[SourceDate "2002.11.25"]
[SourceVersion "1"]
[SourceVersionDate "2002.11.25"]
[SourceQuality "1"]

1. c4 g6 2. Nc3 Bg7 3. g3 d6 4. Bg2 Nc6 5. e3 e5 6. Nge2 Be6 7. d3 Qd7 8. Nd5 Nd8 9. Rb1 c6 10. Ndc3 Bh3 11. 0-0 h5 12. f3 Bxg2 13. Kxg2 Ne7 14. d4 Nf5 15. dxe5 dxe5 16. Qxd7+ Kxd7 17. b4 Ne6 18. Ne4 Kc7 19. Rd1 Rhd8 20. N2c3 Rxd1 21. Nxd1 Rd8 22. Ndf2 Nd6 23. Nxd6 Rxd6 24. Rb3 a5 25. bxa5 Rd8 26. Nd3 f5 27. Ba3 e4 28. fxe4 fxe4 29. Nc5 Rd2+ 30. Kg1 Nxc5 31. Bxc5 Rxa2 32. Rb1 Bc3 33. Bb6+ Kd6 34. Rd1+ Ke6 35. c5 Ra1 36. Rxa1 Bxa1 37. Kg2 Kd5 38. g4 hxg4 39. Kg3 Be5+ 40. Kxg4 Bxh2 41. Kg5 Bg1 42. Kf4 g5+ 43. Kxg5 Bxe3+ 44. Kf5 0-1

[Event "AUT-chT2M 0102"]
[Site "Austria"]
[Date "2001.11.03"]
[Round "2.5"]
[White "Heiduczek, Josef"]
[Black "Schoeppl, Engelbert"]
[Result "1/2-1/2"]
[WhiteElo "2221"]
[BlackElo "2231"]
[PlyCount "48"]
[EventDate "2001.11.02"]
[EventType "team"]
[EventRounds "11"]
[EventCountry "AUT"]
[SourceTitle "EXT 2003"]
[Source "ChessBase"]
[SourceDate "2002.11.25"]
[SourceVersion "1"]
[SourceVersionDate "2002.11.25"]
[SourceQuality "1"]
[WhiteTeam "Ranshofen"]
[BlackTeam "Schwarzach"]
[WhiteTeamCountry "AUT"]
[BlackTeamCountry "AUT"]

1. e4 c5 2. Nf3 Nc6 3. Bb5 g6 4. c3 Bg7 5. d4 Qb6 6. Qe2 cxd4 7. 0-0 Nf6 8. e5 Ng4 9. Bf4 0-0 10. Bxc6 bxc6 11. Nxd4 Nxe5 12. Bxe5 Ba6 13. Qe3 Bxe5 14. Qxe5 Bxf1 15. Kxf1 Qxb2 16. Nb3 Rab8 17. N1d2 Rb5 18. Qxe7 Rfb8 19. Qxd7 Rd5 20. Qxa7 Rbd8 21. Re1 Qxc3 22. Qe3 Qxe3 23. Rxe3 Rxd2 24. Nxd2 Rxd2 1/2-1/2

[Event "AUT-chT2M 0001"]
[Site "Austria"]
[Date "2001.??.??"]
[Round "6"]
[White "Schoeppl, Engelbert"]
[Black "Nagl, Franz"]
[Result "0-1"]
[WhiteElo "2265"]
[BlackElo "2180"]
[PlyCount "79"]
[EventDate "2000.??.??"]
[EventType "team"]
[EventRounds "9"]
[EventCountry "AUT"]
[SourceTitle "EXT 2003"]
[Source "ChessBase"]
[SourceDate "2002.11.25"]
[SourceVersion "1"]
[SourceVersionDate "2002.11.25"]
[SourceQuality "1"]

1. e4 c5 2. Nf3 d6 3. d4 cxd4 4. Nxd4 Nf6 5. Nc3 a6 6. g3 e5 7. Nde2 Be6 8. Bg2 Be7 9. h3 0-0 10. 0-0 Nbd7 11. f4 Bc4 12. b3 Bxe2 13. Qxe2 Qc7 14. Nd1 b5 15. Ne3 g6 16. c4 bxc4 17. Nxc4 Nh5 18. Kh2 Nb6 19. Nxb6 Qxb6 20. Be3 Qb4 21. Rac1 a5 22. Rc7 Bd8 23. Rc4 Qb5 24. Qd3 a4 25. b4 a3 26. f5 Ra4 27. Rb1 Bb6 28. Bh6 Rd8 29. Bg5 f6 30. Bd2 Bf2 31. g4 Bg3+ 32. Kh1 Nf4 33. Bxf4 Bxf4 34. Qb3 Kg7 35. Rc7+ Kh6 36. Qf7 Rxb4 37. Qxh7+ Kg5 38. Qxg6+ Kh4 39. Qxf6+ Kg3 40. Rc3+ 0-1

[Event "AUT-chT2M 0001"]
[Site "Austria"]
[Date "2000.11.25"]
[Round "4.5"]
[White "Hager, Franz"]
[Black "Schoeppl, Engelbert"]
[Result "1-0"]
[WhiteElo "2257"]
[BlackElo "2266"]
[PlyCount "61"]
[EventDate "2000.??.??"]
[EventType "team"]
[EventRounds "9"]
[EventCountry "AUT"]
[SourceTitle "EXT 2003"]
[Source "ChessBase"]
[SourceDate "2002.11.25"]
[SourceVersion "1"]
[SourceVersionDate "2002.11.25"]
[SourceQuality "1"]

1. d4 Nf6 2. c4 g6 3. Nc3 d5 4. Nf3 Bg7 5. Qb3 dxc4 6. Qxc4 0-0 7. e4 Nbd7 8. e5 Nb6 9. exf6 Nxc4 10. fxg7 Kxg7 11. Bxc4 Bg4 12. Be3 Bxf3 13. gxf3 c6 14. 0-0-0 b5 15. Bb3 Qc7 16. h4 h5 17. Kb1 a5 18. f4 e6 19. Rc1 a4 20. Bd1 Qe7 21. Ne4 Rac8 22. Bf3 Rfd8 23. Rhg1 a3 24. b3 Kf8 25. Ng5 Qb4 26. Rgd1 c5 27. dxc5 Rxd1 28. Rxd1 Qc3 29. Bd4 Qb4 30. c6 Rd8 31. c7 1-0

[Event "Schwarzach op-A"]
[Site "Schwarzach"]
[Date "2000.08.22"]
[Round "4"]
[White "Schoeppl, Engelbert"]
[Black "Ebner, Johann"]
[Result "1/2-1/2"]
[WhiteElo "2266"]
[BlackElo "2092"]
[PlyCount "104"]
[EventDate "2000.08.19"]
[EventType "swiss"]
[EventRounds "9"]
[EventCountry "AUT"]
[SourceTitle "EXT 2001"]
[Source "ChessBase"]
[SourceDate "2000.11.22"]
[SourceVersion "1"]
[SourceVersionDate "2000.11.22"]
[SourceQuality "1"]

1. c4 e5 2. Nc3 Nc6 3. Nf3 g6 4. d4 exd4 5. Nxd4 Bg7 6. e3 Nge7 7. Be2 0-0 8. 0-0 d6 9. Nxc6 Nxc6 10. Qd2 Ne5 11. b3 Qh4 12. Bb2 Bg4 13. Rad1 Bxe2 14. Qxe2 Rfe8 15. Rd4 Qd8 16. c5 Nd7 17. Rf4 Nxc5 18. Nd5 f5 19. Bxg7 Kxg7 20. Qb2+ Re5 21. Rc4 c6 22. Rxc5 cxd5 23. Rxd5 Qf6 24. Rd4 Re6 25. Rfd1 Rd8 26. g3 Re4 27. Qc3 Rxd4 28. Rxd4 Rd7 29. b4 a6 30. a4 Kf7 31. Qd3 Kg7 32. b5 axb5 33. axb5 Qe6 34. b6 d5 35. Qb5 Kf7 36. Rh4 h5 37. Qb2 Rd8 38. Ra4 Qf6 39. Qb5 Qe6 40. Ra7 Qd7 41. Qb4 Qc6 42. Qd4 Qc1+ 43. Kg2 Qc6 44. h3 Re8 45. Kh2 Re4 46. Qh8 Re7 47. Ra8 Qc2 48. Qg8+ Kf6 49. Qf8+ Ke6 50. Qg8+ Kf6 51. Qh8+ Ke6 52. Qg8+ Kf6 1/2-1/2

[Event "Schwarzach op-A"]
[Site "Schwarzach"]
[Date "2000.08.20"]
[Round "2"]
[White "Schoeppl, Engelbert"]
[Black "Klovans, Janis"]
[Result "0-1"]
[WhiteElo "2266"]
[BlackElo "2481"]
[PlyCount "104"]
[EventDate "2000.08.19"]
[EventType "swiss"]
[EventRounds "9"]
[EventCountry "AUT"]
[SourceTitle "EXT 2001"]
[Source "ChessBase"]
[SourceDate "2000.11.22"]
[SourceVersion "1"]
[SourceVersionDate "2000.11.22"]
[SourceQuality "1"]

1. c4 e6 2. d4 d5 3. Nc3 Nf6 4. Bg5 Be7 5. Nf3 0-0 6. e3 h6 7. Bh4 b6 8. cxd5 Nxd5 9. Bxe7 Qxe7 10. Nxd5 exd5 11. Rc1 Be6 12. Qa4 Rc8 13. Bb5 c6 14. Bd3 c5 15. dxc5 bxc5 16. Qa3 Nd7 17. 0-0 Rcb8 18. Qc3 Rb6 19. Ne5 Nxe5 20. Qxe5 c4 21. Be2 Qf6 22. Qxf6 gxf6 23. b3 cxb3 24. axb3 Rxb3 25. Ba6 Ra3 26. Ra1 Rxa1 27. Rxa1 Rb8 28. h3 Kf8 29. Be2 Rb7 30. Bf3 Ke7 31. Ra4 Kd6 32. Kf1 Kc5 33. Ke1 Rb1+ 34. Kd2 Kb6 35. Rd4 Rb5 36. Kc3 a5 37. Rh4 Kc5 38. Rxh6 a4 39. Rh4 Rb3+ 40. Kc2 Bf5+ 41. e4 Bg6 42. Rf4 dxe4 43. Bh5 f5 44. Bxg6 fxg6 45. g4 Kd4 46. gxf5 Ke5 47. Rh4 gxf5 48. f4+ Kd4 49. Rh8 Ke3 50. h4 Kxf4 51. h5 Rh3 52. h6 Rh2+ 0-1

[Event "AUT-chT2M 0001"]
[Site "Austria"]
[Date "2000.??.??"]
[Round "3"]
[White "Huch, Reiner"]
[Black "Schoeppl, Engelbert"]
[Result "1/2-1/2"]
[WhiteElo "2190"]
[BlackElo "2265"]
[PlyCount "22"]
[EventDate "2000.??.??"]
[EventType "team"]
[EventRounds "9"]
[EventCountry "AUT"]
[SourceTitle "EXT 2003"]
[Source "ChessBase"]
[SourceDate "2002.11.25"]
[SourceVersion "1"]
[SourceVersionDate "2002.11.25"]
[SourceQuality "1"]

1. d4 Nf6 2. Bg5 c5 3. d5 Qb6 4. Nc3 Qxb2 5. Bd2 Qb6 6. e4 d6 7. f4 e6 8. dxe6 fxe6 9. Bc4 Nc6 10. Nf3 Nxe4 11. Nxe4 d5 1/2-1/2

[Event "Linz op 10th"]
[Site "Linz"]
[Date "1999.??.??"]
[Round "?"]
[White "Schoeppl, Engelbert"]
[Black "Egartner, Wolfgang"]
[Result "1-0"]
[WhiteElo "2260"]
[BlackElo "2141"]
[PlyCount "93"]
[EventDate "1999.??.??"]
[EventType "swiss"]
[EventRounds "9"]
[EventCountry "AUT"]
[SourceTitle "EXT 2002"]
[Source "ChessBase"]
[SourceDate "2001.11.25"]
[SourceVersion "1"]
[SourceVersionDate "2001.11.25"]
[SourceQuality "1"]

1. Nf3 d5 2. g3 Nf6 3. Bg2 c5 4. 0-0 g6 5. c4 Bg7 6. cxd5 0-0 7. Nc3 Nxd5 8. Nxd5 Qxd5 9. d3 Na6 10. Qa4 Qd7 11. Qh4 Re8 12. h3 e5 13. Ng5 h6 14. Ne4 Qe7 15. Qxe7 Rxe7 16. Be3 Rc7 17. Rfc1 Be6 18. Nxc5 Nxc5 19. Rxc5 Rac8 20. Rxc7 Rxc7 21. Rc1 Rxc1+ 22. Bxc1 Bxa2 23. Bxb7 f5 24. b4 Bf8 25. b5 Bc5 26. Bxh6 Kf7 27. h4 Bb3 28. Be3 Bxe3 29. fxe3 Kf6 30. Kf2 Ba4 31. Ba6 Ke6 32. Kf3 Bd1 33. e4 fxe4+ 34. dxe4 Kf6 35. Ke3 Bc2 36. Kd2 Bxe4 37. Kc3 Ke6 38. Kb4 Kd7 39. Kc5 Kc7 40. g4 Bg2 41. h5 gxh5 42. gxh5 Be4 43. h6 Kd7 44. Bb7 Bh7 45. Bd5 Kc7 46. Be6 e4 47. e3 1-0

[Event "AUT-chT2W 9697"]
[Site "Austria"]
[Date "1997.??.??"]
[Round "8"]
[White "Kleissl, Helmut"]
[Black "Schoeppl, Engelbert"]
[Result "1-0"]
[WhiteElo "2240"]
[BlackElo "2305"]
[PlyCount "73"]
[EventDate "1996.??.??"]
[EventType "team"]
[EventRounds "11"]
[EventCountry "AUT"]
[SourceTitle "EXT 1998"]
[Source "ChessBase"]
[SourceDate "1997.11.17"]
[SourceVersion "1"]
[SourceVersionDate "1997.11.17"]
[SourceQuality "1"]

1. c4 e5 2. Nc3 Nf6 3. g3 Bb4 4. Bg2 0-0 5. Nf3 Re8 6. 0-0 c6 7. Qb3 Na6 8. a3 Bc5 9. d3 h6 10. e4 d6 11. h3 Nc7 12. Qc2 Ne6 13. b4 Nd4 14. Nxd4 Bxd4 15. Rb1 Be6 16. Ne2 Bb6 17. c5 Bc7 18. cxd6 Qxd6 19. Bb2 Bb6 20. Kh2 Ba2 21. Ra1 Qe6 22. Nc1 Bd5 23. exd5 cxd5 24. Ne2 h5 25. f4 Rac8 26. Qb3 Ng4+ 27. hxg4 hxg4 28. d4 exd4 29. Nxd4 Qh6+ 30. Kg1 Re2 31. Rf2 Rxf2 32. Kxf2 Qf6 33. Rd1 g5 34. Kf1 gxf4 35. Ne2 Qh6 36. gxf4 Re8 37. Rxd5 1-0

[Event "AUT-chT2W 9697"]
[Site "Austria"]
[Date "1997.??.??"]
[Round "6"]
[White "Schoeppl, Engelbert"]
[Black "Poettinger, Harald"]
[Result "1/2-1/2"]
[WhiteElo "2305"]
[BlackElo "2245"]
[PlyCount "60"]
[EventDate "1996.??.??"]
[EventType "team"]
[EventRounds "11"]
[EventCountry "AUT"]
[SourceTitle "EXT 1998"]
[Source "ChessBase"]
[SourceDate "1997.11.17"]
[SourceVersion "1"]
[SourceVersionDate "1997.11.17"]
[SourceQuality "1"]

1. c4 e6 2. d4 d5 3. Nc3 Be7 4. Nf3 Nf6 5. Bg5 h6 6. Bh4 0-0 7. e3 Ne4 8. Bxe7 Qxe7 9. Bd3 Nxc3 10. bxc3 dxc4 11. Bxc4 b6 12. Qe2 Bb7 13. 0-0 Nd7 14. a4 a6 15. e4 e5 16. Nd2 Qd6 17. Qe3 Rad8 18. f4 exd4 19. cxd4 Nf6 20. d5 c6 21. Qxb6 cxd5 22. Qxd6 Rxd6 23. e5 Rc6 24. Bb3 Ne4 25. Nxe4 dxe4 26. f5 Rc5 27. e6 Bd5 28. Bxd5 Rxd5 29. Rad1 fxe6 30. fxe6 Rdf5 1/2-1/2